US States Containing the Letter V - Statistics

General Stats
  • This quiz has been taken 312 times
  • The average score is 5 of 5
Answer Stats
Answer % Correct
West Virginia
98%
Virginia
97%
Vermont
96%
Nevada
93%
Pennsylvania
84%
No matching quizzes found
Score Distribution
Percent of People with Each Score
Percentile by Number Answered
Your Score History
You have not taken this quiz